00809nam a2200229 k 4500001001300000005001500013008004100028020003300069040001900102049001700121056001400138090002100152100001400173245013200187260002500319300002400344504003500368653006500403700001400468740008600482950001100568KMO20260063420260331090815260328s2025 ulka 001 kor a9788998243432g03470c\22000 a146043c1460430 lMEM000012211 a513.9726 a513.97b고16ㅁ1 a고관수10a미생물로 쓴 소설들b페스트에서 코로나19까지, 문학이 그려낸 감염과 치유의 과학d고관수 지음 a서울b계단c2025 a360p.b삽화c22cm a참고문헌 및 색인 수록 a미생물a감염a질병a치유a감염병a문학a소설1 a고관수02a페스트에서 코로나19까지, 문학이 그려낸 감염과 치유의 과학0 b\22000 |
|---|